[Event "JBLN Ost 1819"]
[Site "Germany"]
[Date "2018.12.01"]
[Round "4.2"]
[White "Arnold, Leander"]
[Black "Seitz, Manuel"]
[Result "1/2-1/2"]
[WhiteElo "1778"]
[BlackElo "1710"]
[PlyCount "81"]
[EventDate "2018.09.29"]
[EventType "team-tourn"]
[EventRounds "9"]
[EventCountry "GER"]
[SourceTitle "CBM 189 Extra"]
[Source "ChessBase"]
[SourceDate "2019.06.03"]
[SourceVersion "1"]
[SourceVersionDate "2019.06.03"]
[SourceQuality "1"]
[WhiteTeam "Borussia Lichtenberg"]
[BlackTeam "Falkensee Caissa"]
[WhiteTeamCountry "GER"]
[BlackTeamCountry "GER"]

1. Nf3 c5 2. c4 Nc6 3. g3 g6 4. Bg2 Bg7 5. 0-0 e6 6. d3 Nge7 7. Nbd2 0-0 8. a3 d5 9. Rb1 b6 10. b3 Rb8 11. Bb2 d4 12. Ne1 Qc7 13. Nc2 b5 14. b4 cxb4 15. axb4 bxc4 16. Nxc4 e5 17. Ba3 a6 18. b5 axb5 19. Bd6 Qd7 20. Bxb8 bxc4 21. dxc4 Ba6 22. Rb6 Nxb8 23. c5 Bc4 24. Rb7 Qe6 25. Nb4 Nbc6 26. Rb6 Rc8 27. Qa4 e4 28. Nxc6 Nxc6 29. Bxe4 Bxe2 30. Rxc6 Rxc6 31. Qxc6 Qxc6 32. Bxc6 Bxf1 33. Kxf1 Bf8 34. Ke2 Bxc5 35. f4 Kg7 36. Be4 Kf6 37. h4 h6 38. Bd3 g5 39. fxg5+ hxg5 40. hxg5+ Kxg5 41. Kf3 1/2-1/2